Music Quiz

Random Music or Billboard Quiz
Score 0/100 Timer 10:00
6 Plays Today
Song Artist % Correct
Night FeverBee Gees
98.4%
Stayin' AliveBee Gees
98.4%
How Deep is Your LoveBee Gees
98.4%
You're the One That I WantJohn Travolta & Olivia Newton-John
93.1%
Summer NightsJohn Travolta & Olivia Newton-John
93.1%
We Are the Champions/We Will Rock YouQueen
91.9%
Hopelessly Devoted to YouOlivia Newton-John
88.4%
Can't Smile Without YouBarry Manilow
83.8%
CopacabanaBarry Manilow
83.8%
Take a Chance on MeABBA
78.2%
The Name of the GameABBA
78.2%
Dust in the WindKansas
75.9%
Three Times a LadyCommodores
75.7%
Just The Way You AreBilly Joel
73.9%
Lay Down SallyEric Clapton
73.6%
Hot BloodedForeigner
71.1%
Last DanceDonna Summer
69.1%
Come Sail AwayStyx
68.7%
Slip Slidin' AwayPaul Simon
67.6%
Shadow DancingAndy Gibb
67.2%
(Love Is) Thicker Than WaterAndy Gibb
67.2%
An Everlasting LoveAndy Gibb
67.2%
Two Out of Three Ain't BadMeat Loaf
67.1%
You Belong to MeCarly Simon
64.8%
You're in My HeartRod Stewart
64.5%
With a Little LuckWings
63.3%
Blue BayouLinda Ronstadt
63.3%
It's So EasyLinda Ronstadt
63.3%
GreaseFrankie Valli
60.9%
You Light Up My LifeDebby Boone
60.5%
Short PeopleRandy Newman
59.4%
Running on EmptyJackson Browne
57.9%
Still the SameBob Seger & The Silver Bullet Band
57.4%
Hollywood NightsBob Seger & The Silver Bullet Band
57.4%
Song Artist % Correct
Dance with MePeter Brown
57.3%
Baker StreetGerry Rafferty
56.7%
Miss YouThe Rolling Stones
56%
Sweet Talkin' WomanElectric Light Orchestra
56%
Turn to StoneElectric Light Orchestra
56%
Don't It Make My Brown Eyes Blue?Crystal Gayle
55.5%
It's a HeartacheBonnie Tyler
52.8%
PegSteely Dan
51.8%
Deacon BluesSteely Dan
51.8%
Because the NightPatti Smith
50.1%
Life's Been GoodJoe Walsh
46.3%
Here You Come AgainDolly Parton
43.5%
Dance, Dance, Dance (Yowsah, Yowsah, Yowsah)Chic
40.2%
ReminiscingLittle River Band
39.7%
Serpentine FireEarth, Wind & Fire
39.6%
Baby Come BackPlayer
39.1%
This Time I'm In It for LovePlayer
39.1%
You Needed MeAnne Murray
37.6%
Don't Look BackBoston
37.3%
Whenever I Call You 'Friend'Kenny Loggins & Stevie Nicks
37.2%
Kiss You All OverExile
36.4%
Hot Child in the CityNick Gilder
36.3%
On BroadwayGeorge Benson
34.5%
If I Can't Have YouYvonne Elliman
33.8%
Disco InfernoThe Trammps
33.4%
Love is Like OxygenThe Sweet
32.3%
Boogie Oogie OogieA Taste of Honey
29.9%
What's Your NameLynyrd Skynyrd
29.6%
Too Much, Too Little, Too LateJohnny Mathis & Deniece Williams
29.1%
Sometimes When We TouchDan Hill
28.8%
I Go CrazyPaul Davis
28.2%
The Closer I Get to YouRoberta Flack & Donny Hathaway
27.8%
Baby Hold OnEddie Money
27.2%
Sentimental LadyBob Welch
24.8%
Song Artist % Correct
Ebony EyesBob Welch
24.8%
EmotionSamantha Sang
24.5%
ShameEvelyn 'Champagne' King
24.2%
Use ta Be My GirlThe O'Jays
23.1%
I Love The Nightlife (Disco 'Round)Alicia Bridges
21.5%
Flash LightParliament
21.2%
Feels So GoodChuck Mangione
21.2%
Love is in the AirJohn Paul Young
21.1%
Hey DeanieShaun Cassidy
20.5%
Jack and JillRaydio
19.7%
Imaginary LoverAtlanta Rhythm Section
19.4%
Magnet and SteelWalter Egan
19.3%
The Groove LineHeatwave
18.6%
Always and ForeverHeatwave
18.6%
Goodbye GirlDavid Gates
18%
We're All AloneRita Coolidge
18%
Thunder IslandJay Ferguson
17.6%
Love Will Find a WayPablo Cruise
17.3%
Bluer than BlueMichael Johnson
17.2%
Every Kinda PeopleRobert Palmer
17%
Count on MeJefferson Starship
15.8%
Fool (If You Think It's Over)Chris Rea
13.7%
You and IRick James
13.5%
Our LoveNatalie Cole
11.9%
Native New YorkerOdyssey
10.5%
Don't Let Me Be MisunderstoodSanta Esmeralda
9.2%
Back In Love AgainL.T.D.
8%
Get OffFoxy
7.4%
I Can't Stand the RainEruption
6.7%
My Angel BabyToby Beau
6.3%
FallingLeBlanc and Carr
4.8%
You Can't Turn Me Off (In the Middle of Turning Me On)High Inergy
4.4%

You're not logged in!

Compare scores with friends on all Sporcle quizzes.
OR
Log In

Sporcle TV

Today on Sporcle TV


Watch our educational content, quiz creation guides, and fun videos on Sporcle TV.

Show Comments

Extras

Top Quizzes Today


Score Distribution

Your Account Isn't Verified!

In order to create a playlist on Sporcle, you need to verify the email address you used during registration. Go to your Sporcle Settings to finish the process.

Report this User

Report this user for behavior that violates our Community Guidelines.

Details: